<?xml version="1.0" encoding="UTF-8"?>
<record
    xmlns:xsi="http://www.w3.org/2001/XMLSchema-instance"
    xsi:schemaLocation="http://www.loc.gov/MARC21/slim http://www.loc.gov/standards/marcxml/schema/MARC21slim.xsd"
    xmlns="http://www.loc.gov/MARC21/slim">

  <leader>02790nam a22003614a 4500</leader>
  <controlfield tag="001">ebr10346897</controlfield>
  <controlfield tag="003">CaPaEBR</controlfield>
  <controlfield tag="006">m        u        </controlfield>
  <controlfield tag="007">cr cn|||||||||</controlfield>
  <controlfield tag="008">051109s2006    dcua    sb    001 0 eng  </controlfield>
  <datafield tag="010" ind1=" " ind2=" ">
    <subfield code="z">  2005032862</subfield>
  </datafield>
  <datafield tag="016" ind1="7" ind2=" ">
    <subfield code="z">101261482</subfield>
    <subfield code="2">DNLM</subfield>
  </datafield>
  <datafield tag="020" ind1=" " ind2=" ">
    <subfield code="z">1555813003 (hardcover)</subfield>
  </datafield>
  <datafield tag="020" ind1=" " ind2=" ">
    <subfield code="z">9781555813000</subfield>
  </datafield>
  <datafield tag="040" ind1=" " ind2=" ">
    <subfield code="a">CaPaEBR</subfield>
    <subfield code="c">CaPaEBR</subfield>
  </datafield>
  <datafield tag="035" ind1=" " ind2=" ">
    <subfield code="a">(OCoLC)646855127</subfield>
  </datafield>
  <datafield tag="050" ind1="1" ind2="4">
    <subfield code="a">QR201.B34</subfield>
    <subfield code="b">E76 2006eb</subfield>
  </datafield>
  <datafield tag="082" ind1="0" ind2="4">
    <subfield code="a">579.3/165</subfield>
    <subfield code="2">22</subfield>
  </datafield>
  <datafield tag="245" ind1="0" ind2="0">
    <subfield code="a">Evolution of microbial pathogens</subfield>
    <subfield code="h">[electronic resource] /</subfield>
    <subfield code="c">edited by H. Steven Seifert and Victor J. DiRita.</subfield>
  </datafield>
  <datafield tag="260" ind1=" " ind2=" ">
    <subfield code="a">Washington, D.C. :</subfield>
    <subfield code="b">ASM Press,</subfield>
    <subfield code="c">c2006.</subfield>
  </datafield>
  <datafield tag="300" ind1=" " ind2=" ">
    <subfield code="a">xiii, 355 p. :</subfield>
    <subfield code="b">ill.</subfield>
  </datafield>
  <datafield tag="504" ind1=" " ind2=" ">
    <subfield code="a">Includes bibliographical references and index.</subfield>
  </datafield>
  <datafield tag="505" ind1="0" ind2=" ">
    <subfield code="a">Studying evolution by using genome sequence data / Jeffrey G. Lawrence -- Population dynamics of bacterial pathogens / Martin C.J. Maiden and Rachel Urwin -- The study of microbial adaptation by long-term experimental evolution / Vaughn S. Cooper -- The contribution of pathogenicity islands to the evolution of bacterial pathogens / Bianca Hochhut, Ulrich Dobrindt, and J&#xFFFD;org Hacker -- Black holes and antivirulence genes: selection for gene loss as part of the evolution of bacterial pathogens / William A. Day and Anthony T. Maurelli -- Evolution of pathogens in soil / Rachel Muir and Man-Wah Tan -- Experimental models of symbiotic host-microbial relationships: understanding the underpinnings of beneficence and the origins of pathogenesis / Margaret J. McFall-Ngai and Jeffrey I. Gordon -- The evolution of bacterial toxins / O. Colin Stine and James P. Nataro --</subfield>
  </datafield>
  <datafield tag="505" ind1="0" ind2=" ">
    <subfield code="a">Function, evolution, and classification of macromolecular transport systems / Paul J. Planet, David H. Figurski, and Rob DeSalle -- The evolution of antibiotic resistance / Dean Rowe-Magnus and Didier Mazel -- Group A Streptococcus and Staphylococcus aureus: evolution, reemergence, and strain diversification / Sean D. Reid ... [et al.] -- Evolution of enteric pathogens / Ruiting Lan and Peter R. Reeves -- Mycobacterial evolution: insights from genomics and population genetics / Alexander S. Pym and Peter M. Small -- The evolution of human fungal pathogens / Judith N. Steenbergen and A. Casadevall.</subfield>
  </datafield>
  <datafield tag="533" ind1=" " ind2=" ">
    <subfield code="a">Electronic reproduction.</subfield>
    <subfield code="b">Palo Alto, Calif. :</subfield>
    <subfield code="c">ebrary,</subfield>
    <subfield code="d">2013.</subfield>
    <subfield code="n">Available via World Wide Web.</subfield>
    <subfield code="n">Access may be limited to ebrary affiliated libraries.</subfield>
  </datafield>
  <datafield tag="650" ind1=" " ind2="0">
    <subfield code="a">Pathogenic bacteria</subfield>
    <subfield code="x">Evolution.</subfield>
  </datafield>
  <datafield tag="650" ind1=" " ind2="0">
    <subfield code="a">Bacterial genetics.</subfield>
  </datafield>
  <datafield tag="655" ind1=" " ind2="7">
    <subfield code="a">Electronic books.</subfield>
    <subfield code="2">local</subfield>
  </datafield>
  <datafield tag="700" ind1="1" ind2=" ">
    <subfield code="a">Seifert, H. Steven.</subfield>
  </datafield>
  <datafield tag="700" ind1="1" ind2=" ">
    <subfield code="a">DiRita, Victor J.</subfield>
  </datafield>
  <datafield tag="710" ind1="2" ind2=" ">
    <subfield code="a">ebrary, Inc.</subfield>
  </datafield>
  <datafield tag="856" ind1="4" ind2="0">
    <subfield code="u">http://site.ebrary.com/lib/rucke/Doc?id=10346897</subfield>
    <subfield code="z">An electronic book accessible through the World Wide Web; click to view</subfield>
  </datafield>
  <datafield tag="999" ind1=" " ind2=" ">
    <subfield code="c">32383</subfield>
    <subfield code="d">32383</subfield>
  </datafield>
</record>
